Doonesbury : bel lavoro, George! /

সংরক্ষণ করুন:
গ্রন্থ-পঞ্জীর বিবরন
প্রধান লেখক: Trudeau, G. B. (লেখক)
অন্যান্য লেখক: Abbinante, Flavia
বিন্যাস: গ্রন্থ
ভাষা:ইতালিয়
প্রকাশিত: Roma : Arcana, 2007
মালা:Controculture ; 10
ট্যাগগুলো: ট্যাগ যুক্ত করুন
কোনো ট্যাগ নেই, প্রথমজন হিসাবে ট্যাগ করুন!

MARC

LEADER 00000nam a22000007i 4500
001 IT\ICCU\MOD\1391781
003 ItRI
005 20260115232145.0
008 070503s2007 it |||||| ||||| |||||c
020 |a 9788879664325 
040 |b ita  |c importazione bologna sebina 
041 7 |a ita  |2 ISO-639-2 
100 1 |a Trudeau, G. B.  |0 IT\ICCU\LO1V\165839  |4 aut 
245 1 0 |a Doonesbury :  |b bel lavoro, George! /  |c Garry B. Trudeau ; traduzione di Flavia Abbinante. 
260 |a Roma :  |b Arcana,  |c 2007 
300 |a 212 p. :  |b in gran parte ill. ;  |c 23 cm 
500 |a Contiene in trad. italiana: The war within; Heckuva job, Bushie. 
700 1 |a Abbinante, Flavia  |0 IT\ICCU\RAVV\240404 
790 1 |a Trudeau, Garretson Beekman  |3 IT\ICCU\SBNV\042302  |z Trudeau, G. B. 
790 1 |a Trudeau, Garry B.  |3 IT\ICCU\SBNV\042301  |z Trudeau, G. B. 
830 0 |a Controculture ;  |v 10  |0 IT\ICCU\LO1\0890571 
942 |2 ddc  |c BK  |n 0 
952 |0 0  |1 0  |4 0  |6 F_741_597000000000000_TRU  |7 0  |9 21078  |a BO  |b BO  |d 2026-01-15  |i 14380  |l 0  |o F 741.597 TRU  |p BO14380  |r 2026-01-15 23:21:45  |w 2026-01-15  |x [Sebina 5] [1 v.]  |y BK  |z 1 v. 
999 |c 18010  |d 18010